Resource recovery from municipal solid wastes / Vol-1-2 (Record no. 332162)
[ view plain ]
| 000 -LEADER | |
|---|---|
| fixed length control field | 01027pam a2200289 a 4500 |
| 001 - CONTROL NUMBER | |
| control field | 2315470 |
| 003 - CONTROL NUMBER IDENTIFIER | |
| control field | NUST |
| 005 - DATE AND TIME OF LATEST TRANSACTION | |
| control field | 20171116095927.0 |
| 008 - FIXED-LENGTH DATA ELEMENTS--GENERAL INFORMATION | |
| fixed length control field | 811110s1982 flua b 001 0 eng |
| 010 ## - LIBRARY OF CONGRESS CONTROL NUMBER | |
| LC control number | 81018021 |
| 020 ## - INTERNATIONAL STANDARD BOOK NUMBER | |
| International Standard Book Number | 084935613X (v. 1) |
| 020 ## - INTERNATIONAL STANDARD BOOK NUMBER | |
| International Standard Book Number | 0849356148 (v. 2) |
| 040 ## - CATALOGING SOURCE | |
| Original cataloging agency | DLC |
| Transcribing agency | DLC |
| Modifying agency | DLC |
| 050 00 - LIBRARY OF CONGRESS CALL NUMBER | |
| Classification number | TD794.5 |
| Item number | .R455 1982 |
| 082 00 - DEWEY DECIMAL CLASSIFICATION NUMBER | |
| Classification number | 628.445 DIA |
| Edition number | 19 |
| 245 00 - TITLE STATEMENT | |
| Title | Resource recovery from municipal solid wastes / Vol-1-2 |
| Statement of responsibility, etc. | authors, Luis F. Diaz, George M. Savage, Clarence G. Golueke. |
| 260 ## - PUBLICATION, DISTRIBUTION, ETC. | |
| Place of publication, distribution, etc. | Boca Raton, Fla. : |
| Name of publisher, distributor, etc. | CRC Press, |
| Date of publication, distribution, etc. | c1982. |
| 300 ## - PHYSICAL DESCRIPTION | |
| Extent | 1-2 v. : |
| Other physical details | ill. ; |
| Dimensions | 26 cm. |
| 500 ## - GENERAL NOTE | |
| General note | H.B |
| 504 ## - BIBLIOGRAPHY, ETC. NOTE | |
| Bibliography, etc. note | Includes bibliographical references and indexes. |
| 505 0# - FORMATTED CONTENTS NOTE | |
| Formatted contents note | v. 1. Primary processing -- v. 2. Final processing. |
| 650 #0 - SUBJECT ADDED ENTRY--TOPICAL TERM | |
| Topical term or geographic name entry element | Recycling (Waste, etc.) |
| 9 (RLIN) | 6422 |
| 650 #0 - SUBJECT ADDED ENTRY--TOPICAL TERM | |
| Topical term or geographic name entry element | Refuse and refuse disposal. |
| 9 (RLIN) | 4787 |
| 700 1# - ADDED ENTRY--PERSONAL NAME | |
| Personal name | Diaz, Luis F. |
| 9 (RLIN) | 6423 |
| 700 1# - ADDED ENTRY--PERSONAL NAME | |
| Personal name | Savage, George M., |
| Dates associated with a name | 1948- |
| 9 (RLIN) | 6424 |
| 700 1# - ADDED ENTRY--PERSONAL NAME | |
| Personal name | Golueke, Clarence G., |
| Dates associated with a name | 1917- |
| 9 (RLIN) | 6425 |
| 906 ## - LOCAL DATA ELEMENT F, LDF (RLIN) | |
| a | 7 |
| b | cbc |
| c | orignew |
| d | 1 |
| e | ocip |
| f | 19 |
| g | y-gencatlg |
| 942 ## - ADDED ENTRY ELEMENTS (KOHA) | |
| Source of classification or shelving scheme | |
| Koha item type | Book |
| Call number prefix | IESE |
| Withdrawn status | Lost status | Source of classification or shelving scheme | Damaged status | Not for loan | Collection code | Permanent Location | Current Location | Shelving location | Date acquired | Total Checkouts | Full call number | Barcode | Date last seen | Price effective from | Koha item type |
|---|---|---|---|---|---|---|---|---|---|---|---|---|---|---|---|
| Institute of Environmental Science and Engineering (IESE) | Institute of Environmental Science and Engineering (IESE) | General Stacks | 11/16/2017 | 628.445 DIA | IESE-315 | 11/16/2017 | 11/16/2017 | Book | |||||||
| Institute of Environmental Science and Engineering (IESE) | Institute of Environmental Science and Engineering (IESE) | General Stacks | 11/16/2017 | 628.445 DIA | IESE-314 | 11/16/2017 | 11/16/2017 | Book |
